000 00553nam a2200181 a 4500
005 20140310183614.0
008 120831s19uu xx 00 eng d
020 _a9780470559901
050 _aHD 30.2
_b.L453 2010
100 _aLeistner, Frank
245 _aMastering organizational knowledge flow :
_bhow to make knowledge sharing work /
_cFrank Leistner
260 _aNew Jersey :
_bJohn Wiley & Sons, Inc,
_c2010.
300 _a183 p. :
_c23 cm.
521 _aBSBA
650 _aKnowledge management.
942 _cBK
_2lcc
_kFOR
999 _c25287
_d25287